Požiar v hoteli 3. časť - Vynútený pobyt v hotelovej izbe

Bibliographic Details
Main Author: (-lp) (Author)
Format: Article
Language:Slovak
Subjects:

MARC

LEADER 00000nab a2200000 a 4500
001 vtls000111256
003 SK-MaSNL
005 20260304001631.0
008 220422c1982 xo 0 slo
015 |a SNBRB19rr/mm-uuuuu 
035 |a CL0121359 
040 |a SNKBUCL  |b slo  |c SNKBUCL  |e AACR2 
041 0 |a slo 
044 |a xo  |c SK 
080 |a 614.84  |2 1981 
100 1 |a (-lp)  |4 aut  |9 921613 
245 1 0 |a Požiar v hoteli  |b 3. časť - Vynútený pobyt v hotelovej izbe  |c (-lp) 
650 0 7 |a hotely  |2 snkbucl  |9 18422 
650 0 7 |a požiare  |2 snkbucl  |9 1504 
650 0 7 |a požiarna ochrana  |2 snkbucl  |9 1501 
655 7 |a články z novín a časopisov  |2 snkbucl  |9 267496 
773 0 |t Požiarnik  |g Roč. 59, č. 5 (1982), s. 14 
850 |a Slovenská národná knižnica v Martine  |a MTA001 
852 |a SNK  |b KIS3GCP 
958 |a RK 
958 |a ME 
992 |a RBX 
999 |c 2537945  |d 2539875